[Event "DEM U14 2017"]
[Site "Willingen GER"]
[Date "2017.06.04"]
[Round "2"]
[White "Trifan, Andrei Ioan"]
[Black "Longo, Massimo"]
[Result "1/2-1/2"]
[Termination "normal"]
[Board "1"]
[WhiteElo "2176"]
[BlackElo "1912"]
[WhiteClock "00:09:28"]
[BlackClock "00:12:12"]
[PlyCount "72"]
[WhiteFideId "12967068"]
[BlackFideId "16205227"]
[EventCountry "GER"]
[EventRounds "9"]
[EventType "swiss"]
[EventDate "2017.06.03"]

1. e4 e6 2. d4 d5 3. Nc3 Nf6 4. e5 Nfd7 5. f4 c5 6. Nf3 Nc6 7. Be3 a6 8. Qd2
cxd4 9. Nxd4 Bc5 10. Qf2 Nxd4 11. Bxd4 Qc7 12. Bd3 b5 13. a3 Rb8 14. O-O O-O
15. b4 Bxd4 16. Qxd4 Bb7 17. a4 Rfc8 18. Rf3 g6 19. Ra3 Qb6 20. Ne2 bxa4 21.
Rxa4 Bc6 22. Rxa6 Qxb4 23. g4 Nc5 24. Ra1 Nxd3 25. cxd3 Qb2 26. Rf2 Be8 27. f5
Rc2 28. Qxb2 Rbxb2 29. Ra8 Rxe2 30. Rxe8+ Kg7 31. Rxe2 Rxe2 32. f6+ Kh6 33.
Rxe6 fxe6 34. g5+ Kxg5 35. f7 Re1+ 36. Kg2 Re2+ 1/2-1/2

[Event "DEM U14 2017"]
[Site "Willingen GER"]
[Date "2017.06.04"]
[Round "2"]
[White "Woelk, Tom-Frederic"]
[Black "Tong, Kevin"]
[Result "0-1"]
[Termination "normal"]
[Board "2"]
[WhiteElo "2033"]
[BlackElo "2143"]
[WhiteClock "00:01:18"]
[BlackClock "00:00:55"]
[PlyCount "66"]
[WhiteFideId "12993077"]
[BlackFideId "12913944"]
[EventCountry "GER"]
[EventRounds "9"]
[EventType "swiss"]
[EventDate "2017.06.03"]

1. e4 e5 2. Nf3 Nc6 3. Bc4 Nf6 4. Ng5 d5 5. exd5 Na5 6. Bb5+ c6 7. dxc6 bxc6 8.
Qf3 Be7 9. Bd3 O-O 10. Nc3 Rb8 11. O-O g6 12. Re1 Nd7 13. Nh3 f5 14. Bf1 Bb7
15. b3 c5 16. Nd5 Bd6 17. c4 Nb6 18. Bb2 Re8 19. Qc3 Nxd5 20. cxd5 Bxd5 21. Nf4
Bf7 22. Nd3 Nc6 23. f4 Nb4 24. Nxe5 Bxe5 25. Rxe5 Qd4+ 26. Qxd4 cxd4 27. Ra5
Rb7 28. Rc1 Rd8 29. Bc4 Rbd7 30. Ra4 Bxc4 31. Rxc4 Nd3 32. Bxd4 Nxf4 33. Be3
Nd5 0-1

[Event "DEM U14 2017"]
[Site "Willingen GER"]
[Date "2017.06.04"]
[Round "2"]
[White "Bosselmann, Tom Linus"]
[Black "Weishäutel, Moritz"]
[Result "1-0"]
[Termination "normal"]
[Board "3"]
[WhiteElo "1930"]
[BlackElo "2102"]
[WhiteClock "00:41:42"]
[BlackClock "00:12:40"]
[PlyCount "105"]
[WhiteFideId "12983845"]
[BlackFideId "12967300"]
[EventCountry "GER"]
[EventRounds "9"]
[EventType "swiss"]
[EventDate "2017.06.03"]

1. e4 e5 2. Nf3 Nc6 3. d4 exd4 4. Nxd4 Bc5 5. Nb3 Bb6 6. Nc3 Nge7 7. Bg5 f6 8.
Bh4 d6 9. Qd2 O-O 10. O-O-O Be6 11. f4 Na5 12. Nxa5 Bxa5 13. Kb1 Qe8 14. Qe3
Qh5 15. Be1 Bxc3 16. Be2 Qa5 17. Bxc3 Qxa2+ 18. Kc1 Qa4 19. f5 Bf7 20. g4 Rfe8
21. b3 Qd7 22. g5 Nd5 23. Qd4 Nxc3 24. Qxc3 Qc6 25. Qxc6 bxc6 26. Rhg1 Kf8 27.
g6 hxg6 28. fxg6 Be6 29. h4 Bf5 30. exf5 Rxe2 31. Rde1 Rae8 32. Rxe2 Rxe2 33.
Rg4 Re5 34. Ra4 a5 35. b4 axb4 36. Rxb4 Re8 37. Kd2 Ra8 38. Kd3 Ke7 39. Ke4 Ra3
40. Rb8 Ra4+ 41. Kf3 Rxh4 42. Rg8 Rh5 43. Rxg7+ Ke8 44. Kf4 Rh2 45. Rf7 Rxc2
46. Rxf6 Rf2+ 47. Ke3 Rg2 48. Rf7 Rg5 49. Kf4 Rg1 50. Rxc7 c5 51. g7 Kd8 52.
Rf7 Ke8 53. Rf8+ 1-0

[Event "DEM U14 2017"]
[Site "Willingen GER"]
[Date "2017.06.04"]
[Round "2"]
[White "Pajeken, Jakob Leon"]
[Black "Burian, Simon"]
[Result "1/2-1/2"]
[Termination "normal"]
[Board "4"]
[WhiteElo "2120"]
[BlackElo "1934"]
[WhiteClock "01:16:43"]
[BlackClock "00:13:13"]
[PlyCount "190"]
[WhiteFideId "12942839"]
[BlackFideId "12956902"]
[EventCountry "GER"]
[EventRounds "9"]
[EventType "swiss"]
[EventDate "2017.06.03"]

1. e4 c5 2. Nf3 d6 3. d4 cxd4 4. Nxd4 Nf6 5. Nc3 a6 6. Be2 e5 7. Nb3 Be7 8. Bg5
Nbd7 9. a4 O-O 10. O-O h6 11. Bh4 b6 12. Bc4 Bb7 13. Qe2 Nxe4 14. Nxe4 Bxh4 15.
Nxd6 Qc7 16. Nxb7 Qxb7 17. Rfd1 Ra7 18. Qg4 Bf6 19. Bxa6 Qxa6 20. Rxd7 Rxd7 21.
Qxd7 Rd8 22. Qb5 Qxb5 23. axb5 Rd5 24. c4 Rd3 25. c5 bxc5 26. Nxc5 Rd5 27. b4
e4 28. Rb1 Bd8 29. Kf1 Bb6 30. Rc1 f5 31. Na4 Rxb5 32. Rc8+ Kh7 33. Rb8 Rxb4
34. Nxb6 Rb1+ 35. Ke2 Rb2+ 36. Ke3 f4+ 37. Kxe4 Rxf2 38. Nd7 Rxg2 39. h4 Kg6
40. Rb5 Rd2 41. Ne5+ Kf6 42. Rb6+ Ke7 43. Ng6+ Kf7 44. h5 f3 45. Kxf3 Rd5 46.
Nf4 Ra5 47. Rd6 Rg5 48. Ke4 Rg1 49. Rc6 Rg5 50. Rg6 Ra5 51. Rb6 Rg5 52. Kf3 Ra5
53. Kg4 Rg5+ 54. Kh4 Ra5 55. Rc6 Rg5 56. Ra6 Rb5 57. Rd6 Rf5 58. Kg4 Rg5+ 59.
Kf3 Rf5 60. Rc6 Ra5 61. Rb6 Rg5 62. Rd6 Rf5 63. Kg4 Rg5+ 64. Kh4 Rf5 65. Ng6
Ra5 66. Rd4 Rb5 67. Re4 Ra5 68. Nh8+ Kf6 69. Rf4+ Ke5 70. Ng6+ Ke6 71. Rb4 Ra7
72. Kg4 Ra6 73. Rb8 Ra4+ 74. Nf4+ Kf6 75. Rb6+ Kf7 76. Rd6 Ke7 77. Rd5 Kf6 78.
Rb5 Rc4 79. Rb6+ Kf7 80. Kf5 Rc5+ 81. Ke4 Rg5 82. Rc6 Rg1 83. Nd5 Rg5 84. Nf4
Rg1 85. Ke5 Rg5+ 86. Kd6 Rf5 87. Rc4 Kf6 88. Re4 Kg5 89. Ne6+ Kf6 90. Rh4 Rf1
91. Rg4 Rd1+ 92. Nd4 Rd2 93. Rg6+ Kf7 94. Ke5 Rh2 95. Nf5 Re2+ 1/2-1/2

[Event "DEM U14 2017"]
[Site "Willingen GER"]
[Date "2017.06.04"]
[Round "2"]
[White "Yankelevich, Michael"]
[Black "Kopylov, Daniel"]
[Result "0-1"]
[Termination "normal"]
[Board "5"]
[WhiteElo "1886"]
[BlackElo "2138"]
[WhiteClock "00:11:19"]
[BlackClock "00:12:40"]
[PlyCount "114"]
[WhiteFideId "12921440"]
[BlackFideId "12921971"]
[EventCountry "GER"]
[EventRounds "9"]
[EventType "swiss"]
[EventDate "2017.06.03"]

1. e4 c5 2. Nf3 d6 3. d4 cxd4 4. Nxd4 Nf6 5. f3 e5 6. Nb3 d5 7. exd5 Nxd5 8.
Bb5+ Nc6 9. Bxc6+ bxc6 10. O-O Be7 11. Re1 Qb6+ 12. Kh1 O-O 13. Bd2 Ba6 14. Nc3
Rad8 15. Qc1 Qb8 16. Nxd5 cxd5 17. Be3 Qc7 18. c3 Bc4 19. Qd2 a5 20. Qf2 Rb8
21. Nc1 a4 22. Rd1 Qc6 23. Qc2 h6 24. Rd2 Rfd8 25. Qf5 Bf6 26. Rb1 Rb5 27. Qg4
Qc8 28. Qxc8 Rxc8 29. h3 Rcb8 30. Kh2 e4 31. Bd4 Bg5 32. Rf2 Bxc1 33. Rxc1 Rxb2
34. fxe4 Rxf2 35. Bxf2 Rb2 36. Bc5 dxe4 37. a3 f5 38. Re1 Kf7 39. Rd1 Bd3 40.
Kg3 g5 41. Kh2 f4 42. Kg1 Ke6 43. Bb4 Rc2 44. Re1 Kf5 45. Rd1 h5 46. Re1 g4 47.
hxg4+ hxg4 48. Rd1 g3 49. c4 Bxc4 50. Bc5 Bd3 51. Bd4 Kg4 52. Kh1 Bc4 53. Bg1
Bd3 54. Re1 Rc3 55. Ra1 f3 56. gxf3+ exf3 57. Ra2 Be4 0-1

[Event "DEM U14 2017"]
[Site "Willingen GER"]
[Date "2017.06.04"]
[Round "2"]
[White "Post, Hugo"]
[Black "Wu, Leon"]
[Result "1/2-1/2"]
[Termination "normal"]
[Board "7"]
[WhiteElo "2019"]
[BlackElo "1957"]
[WhiteClock "00:16:53"]
[BlackClock "00:04:25"]
[PlyCount "116"]
[WhiteFideId "12962490"]
[BlackFideId "12977438"]
[EventCountry "GER"]
[EventRounds "9"]
[EventType "swiss"]
[EventDate "2017.06.03"]

1. e4 c5 2. Nf3 d6 3. d4 cxd4 4. Nxd4 Nf6 5. Nc3 a6 6. Nb3 g6 7. f3 Bg7 8. Be3
Nc6 9. Qd2 Bd7 10. O-O-O O-O 11. Kb1 Rc8 12. Bh6 Ne5 13. h4 Nc4 14. Bxc4 Rxc4
15. Bxg7 Kxg7 16. h5 Rh8 17. g4 h6 18. hxg6 fxg6 19. Nd5 Nxd5 20. exd5 Qf8 21.
Nd4 Qf6 22. c3 Rc5 23. Rxh6 Rxd5 24. Rdh1 Rxh6 25. Qxh6+ Kf7 26. Qh8 Qxh8 27.
Rxh8 Rc5 28. Kc2 Kg7 29. Rd8 Rc7 30. Kd2 e5 31. Nc2 Kf6 32. Ne3 Ke6 33. Rg8 Kf7
34. Rh8 Rc8 35. Rh7+ Ke6 36. Rg7 Bc6 37. Rxg6+ Kf7 38. Rg5 Rh8 39. Nc4 Kf6 40.
Rf5+ Ke6 41. Ke3 Rh2 42. Rg5 Kf6 43. Rg8 Bb5 44. Rf8+ Ke6 45. b3 d5 46. Nxe5
Kxe5 47. f4+ Kd6 48. a4 Rh3+ 49. Kf2 Bd7 50. g5 Ke7 51. Rb8 Bc6 52. g6 Kf6 53.
f5 Kg7 54. Rc8 d4 55. Rc7+ Kg8 56. Rc8+ Kg7 57. Rc7+ Kf8 58. Rc8+ Kg7 1/2-1/2

[Event "DEM U14 2017"]
[Site "Willingen GER"]
[Date "2017.06.04"]
[Round "2"]
[White "Fromm, Marius"]
[Black "Dobrikov, Marco"]
[Result "0-1"]
[Termination "normal"]
[Board "9"]
[WhiteElo "1750"]
[BlackElo "2012"]
[WhiteClock "00:29:37"]
[BlackClock "00:31:52"]
[PlyCount "79"]
[WhiteFideId "12993190"]
[BlackFideId "12950378"]
[EventCountry "GER"]
[EventRounds "9"]
[EventType "swiss"]
[EventDate "2017.06.03"]

1. Nf3 Nf6 2. c4 c6 3. g3 d5 4. Bg2 dxc4 5. O-O Nbd7 6. Na3 Nb6 7. Qc2 Qd5 8.
b3 cxb3 9. axb3 Qd8 10. Nc4 e6 11. d3 Be7 12. Bd2 Nbd5 13. Na5 O-O 14. Rfb1 c5
15. Rc1 Nd7 16. d4 cxd4 17. Nxd4 Bf6 18. e3 N7b6 19. Ra2 Qe7 20. Qd3 a6 21.
Rac2 Qd6 22. Nc4 Nxc4 23. bxc4 Nb4 24. Qa3 a5 25. Rb2 Bxd4 26. exd4 Qxd4 27.
Be3 Qd6 28. c5 Qa6 29. Bf1 Qa7 30. c6 b6 31. Bb5 Nd5 32. Bd4 Ba6 33. Qa4 Rfc8
34. Be5 Bxb5 35. Qxb5 a4 36. Ra2 Qa5 37. Qxa5 Rxa5 38. Rc4 a3 39. Bd6 b5 40.
Rd4 0-1

[Event "DEM U14 2017"]
[Site "Willingen GER"]
[Date "2017.06.04"]
[Round "2"]
[White "Dietz, Florian"]
[Black "Svane, Frederik"]
[Result "0-1"]
[Termination "normal"]
[Board "11"]
[WhiteElo "1913"]
[BlackElo "2204"]
[WhiteClock "00:41:46"]
[BlackClock "00:37:02"]
[PlyCount "44"]
[WhiteFideId "12939897"]
[BlackFideId "12923044"]
[EventCountry "GER"]
[EventRounds "9"]
[EventType "swiss"]
[EventDate "2017.06.03"]

1. e4 c5 2. Nf3 e6 3. d4 cxd4 4. Nxd4 a6 5. Nc3 Qc7 6. Bd3 Nf6 7. O-O Nc6 8.
Be3 Bd6 9. h3 Nxd4 10. Bxd4 Bc5 11. Be2 d6 12. f4 O-O 13. Kh1 Bxd4 14. Qxd4 e5
15. Qe3 Be6 16. f5 Bc4 17. g4 d5 18. Bxc4 d4 19. Qe2 dxc3 20. bxc3 Rac8 21. Bb3
Qxc3 22. Rf3 Qxa1+ 0-1

[Event "DEM U14 2017"]
[Site "Willingen GER"]
[Date "2017.06.04"]
[Round "2"]
[White "Gutkin, Ilya"]
[Black "Köllner, Ruben Gideon"]
[Result "1/2-1/2"]
[Termination "normal"]
[Board "12"]
[WhiteElo "1860"]
[BlackElo "2104"]
[WhiteClock "00:00:38"]
[BlackClock "00:02:26"]
[PlyCount "79"]
[WhiteFideId "16203470"]
[BlackFideId "12993093"]
[EventCountry "GER"]
[EventRounds "9"]
[EventType "swiss"]
[EventDate "2017.06.03"]

1. e4 d6 2. d4 Nf6 3. Bd3 e5 4. c3 Be7 5. Ne2 O-O 6. O-O Nbd7 7. f4 exd4 8.
cxd4 c5 9. Nbc3 cxd4 10. Nxd4 Nc5 11. Bb1 Qb6 12. Kh1 Na6 13. e5 dxe5 14. fxe5
Ng4 15. Nd5 Qd8 16. Nf5 Bxf5 17. Rxf5 Bc5 18. Qxg4 Qxd5 19. Bh6 g6 20. Bxf8
Kxf8 21. Rf1 Qxe5 22. Bd3 Bd6 23. Qh3 Kg7 24. Bc4 Rf8 25. Bxa6 bxa6 26. Qc3 Rb8
27. Qxe5+ Bxe5 28. Rae1 Bxb2 29. Re7 Bf6 30. Rxa7 Rb6 31. g4 h6 32. Rf2 Kg8 33.
a4 Bd4 34. Rf1 Bf6 35. a5 Re6 36. Rb7 Kg7 37. Rb6 Bc3 38. Rb7 Bf6 39. Rb6 Bc3
40. Rb7 1/2-1/2

[Event "DEM U14 2017"]
[Site "Willingen GER"]
[Date "2017.06.04"]
[Round "2"]
[White "Wagner, Benjamin"]
[Black "Wachinger, Nikolas"]
[Result "0-1"]
[Termination "normal"]
[Board "13"]
[WhiteElo "1991"]
[BlackElo "2055"]
[PlyCount "76"]
[WhiteFideId "12957330"]
[BlackFideId "12962791"]
[EventCountry "GER"]
[EventRounds "9"]
[EventType "swiss"]
[EventDate "2017.06.03"]

1. e4 c5 2. Nf3 d6 3. d4 cxd4 4. Nxd4 Nf6 5. Nc3 a6 6. Bg5 Nbd7 7. Qe2 h6 8.
Bh4 g6 9. O-O-O e5 10. Nb3 Be7 11. Bg3 b5 12. Kb1 Qc7 13. f4 Kf8 14. fxe5 dxe5
15. Qe3 Kg7 16. Be2 Bb7 17. Rhf1 Rac8 18. Bd3 Rhf8 19. Be1 b4 20. Ne2 a5 21.
Bd2 Rh8 22. Qg3 Nxe4 23. Qh3 Nxd2+ 24. Nxd2 Nf6 25. Ng3 Nd5 26. Rxf7+ Kxf7 27.
Bxg6+ Kg7 28. Qe6 Bf6 29. Be4 Rhe8 30. Nh5+ Kh8 31. Qf5 Bg5 32. Qg6 Rg8 33. Qe6
Rce8 34. Qh3 Ne3 35. Rc1 Bc8 36. Qf3 Bg4 37. Qf2 Bxh5 38. h4 Ng4 0-1

[Event "DEM U14 2017"]
[Site "Willingen GER"]
[Date "2017.06.04"]
[Round "2"]
[White "Biermann, Lenhard"]
[Black "Mühlpfordt, Thomas"]
[Result "0-1"]
[Termination "normal"]
[Board "14"]
[WhiteElo "1879"]
[BlackElo "1813"]
[PlyCount "72"]
[WhiteFideId "12970077"]
[BlackFideId "12986623"]
[EventCountry "GER"]
[EventRounds "9"]
[EventType "swiss"]
[EventDate "2017.06.03"]

1. d4 d5 2. c4 c6 3. Nf3 Nf6 4. Nc3 e6 5. Bg5 h6 6. Bh4 dxc4 7. e4 g5 8. Bg3 b5
9. a3 Bb7 10. Be2 Nbd7 11. Qc2 a6 12. Rd1 Qb6 13. Ne5 Bg7 14. h4 Nxe5 15. dxe5
Nd7 16. hxg5 hxg5 17. Rxh8+ Bxh8 18. Qd2 Qd8 19. f4 Qe7 20. fxg5 O-O-O 21. Qe3
Bxe5 22. Kf1 Bxg3 23. Qxg3 Rg8 24. Bf3 Rxg5 25. Qh4 f6 26. Ne2 Ne5 27. Qh8+ Kc7
28. Nf4 Kb6 29. Qh3 Nxf3 30. Qxf3 e5 31. Ne2 Bc8 32. Nc3 Bg4 33. Qe3+ Qc5 34.
Qd2 Rg8 35. Re1 Rh8 36. Re3 Qd4 0-1

[Event "DEM U14 2017"]
[Site "Willingen GER"]
[Date "2017.06.04"]
[Round "2"]
[White "Suvorov, Alexander"]
[Black "Tham, Minh"]
[Result "1-0"]
[Termination "normal"]
[Board "15"]
[WhiteElo "2196"]
[BlackElo "1895"]
[PlyCount "101"]
[WhiteFideId "12977063"]
[BlackFideId "12997323"]
[EventCountry "GER"]
[EventRounds "9"]
[EventType "swiss"]
[EventDate "2017.06.03"]

1. d4 d5 2. c4 e6 3. Nf3 c6 4. cxd5 exd5 5. Nc3 Nf6 6. Bg5 Be7 7. Qc2 O-O 8. e3
h6 9. Bf4 Re8 10. Bd3 Nbd7 11. O-O Bb4 12. a3 Bxc3 13. Qxc3 Ne4 14. Qc2 Ndf6
15. b4 Bd7 16. Rab1 a6 17. Ne5 Rc8 18. f3 Nd6 19. g4 b5 20. Ra1 Nc4 21. h4 Qe7
22. Rfe1 Be6 23. Qf2 Nd7 24. g5 h5 25. Qg3 Ndxe5 26. Bxe5 Nxe5 27. Qxe5 Qd7 28.
Qf4 g6 29. Rac1 Qc7 30. Qxc7 Rxc7 31. Rc5 Kf8 32. a4 Rb8 33. axb5 axb5 34. Rec1
Ra7 35. Rxc6 Ra4 36. Rb1 Ra3 37. Bxg6 Rxe3 38. Kf2 Ra3 39. Bxh5 Kg7 40. g6 Rh8
41. gxf7 Ra2+ 42. Ke3 Ra3+ 43. Kf4 Rxh5 44. Rxe6 Rxh4+ 45. Kg5 Rh8 46. Rf6 Rd3
47. Rg1 Kf8 48. Re1 Kg7 49. Re7 Rf8 50. Rg6+ Kh7 51. Re2 1-0

[Event "DEM U14 2017"]
[Site "Willingen GER"]
[Date "2017.06.04"]
[Round "2"]
[White "Suvorov, Luca"]
[Black "Waffenschmidt, Lars"]
[Result "1-0"]
[Termination "normal"]
[Board "16"]
[WhiteElo "2121"]
[BlackElo "1810"]
[PlyCount "63"]
[WhiteFideId "12977071"]
[BlackFideId "16244656"]
[EventCountry "GER"]
[EventRounds "9"]
[EventType "swiss"]
[EventDate "2017.06.03"]

1. d4 Nf6 2. c4 c5 3. d5 b5 4. Qc2 bxc4 5. e4 e6 6. Bxc4 exd5 7. exd5 d6 8. h3
Be7 9. Nf3 O-O 10. O-O Ba6 11. b3 Bxc4 12. bxc4 Nfd7 13. Nc3 Nb6 14. Qd3 Re8
15. Bf4 N8d7 16. Rfe1 Nf6 17. Ng5 h6 18. Nge4 Qd7 19. Rac1 a6 20. Rb1 Rab8 21.
Nxf6+ gxf6 22. Bxh6 Bf8 23. Bxf8 Kxf8 24. Qh7 Re5 25. Qh8+ Ke7 26. Rxe5+ fxe5
27. Qxb8 Qf5 28. Rxb6 Kf6 29. Qxd6+ Kg7 30. Qh6+ Kg8 31. Rb8+ Qc8 32. Rxc8# 1-0

[Event "DEM U14 2017"]
[Site "Willingen GER"]
[Date "2017.06.04"]
[Round "2"]
[White "Kölle, Tobias"]
[Black "Kotyk, Michael"]
[Result "0-1"]
[Termination "normal"]
[Board "17"]
[WhiteElo "2069"]
[BlackElo "1927"]
[PlyCount "137"]
[WhiteFideId "16207378"]
[BlackFideId "16214501"]
[EventCountry "GER"]
[EventRounds "9"]
[EventType "swiss"]
[EventDate "2017.06.03"]

1. e4 c5 2. Nc3 a6 3. g3 b5 4. Bg2 Bb7 5. d3 e6 6. f4 d5 7. e5 Nc6 8. Nf3 h5 9.
O-O Nh6 10. Bh3 g6 11. Ne2 Nf5 12. Bd2 Be7 13. Kh1 Qc7 14. a4 b4 15. c3 a5 16.
Rc1 Ba6 17. Qc2 b3 18. Qxb3 Bxd3 19. Rfe1 Rb8 20. Qa2 Be4 21. Neg1 c4 22. Re2
Bc5 23. Bg2 h4 24. gxh4 Bd3 25. Ree1 Bf2 26. Red1 Ne3 27. Bxe3 Bxe3 28. Ra1
Bxf4 29. Qa3 Nxe5 30. Nxe5 Bxe5 31. Nf3 Bd6 32. Qa2 Qb6 33. Re1 Qxb2 34. Qxb2
Rxb2 35. Ne5 Rxh4 36. Nf3 Rh5 37. h3 Bf5 38. Ng1 Rg5 39. Re2 Rxe2 40. Nxe2 Rh5
41. Ng1 g5 42. Ra2 Bxh3 43. Nxh3 g4 44. Rb2 gxh3 45. Bf1 h2 46. Rb5 Rf5 47. Bg2
Rf2 48. Rb1 Rc2 49. Re1 Kd7 50. Rb1 Rxc3 51. Rb7+ Kc6 52. Rb1 Rb3 53. Rc1 Bc5
54. Kxh2 Bd6+ 55. Kh1 Kc5 56. Rf1 f5 57. Ra1 Be5 58. Re1 Bg3 59. Ra1 c3 60. Bf1
Kb4 61. Kg2 Bf4 62. Rd1 c2 63. Rd4+ Ka3 64. Rxf4 c1=Q 65. Rf2 Qg5+ 66. Kh1 Qh4+
67. Kg1 Rg3+ 68. Bg2 Qd4 69. Kf1 0-1

[Event "DEM U14 2017"]
[Site "Willingen GER"]
[Date "2017.06.04"]
[Round "2"]
[White "Nguyen, Alex Dac-Vuong"]
[Black "Paeslack, Luis"]
[Result "0-1"]
[Termination "normal"]
[Board "18"]
[WhiteElo "2051"]
[BlackElo "1856"]
[PlyCount "98"]
[WhiteFideId "12984388"]
[BlackFideId "12987760"]
[EventCountry "GER"]
[EventRounds "9"]
[EventType "swiss"]
[EventDate "2017.06.03"]

1. e4 c5 2. Nf3 d6 3. d4 cxd4 4. Nxd4 Nf6 5. Nc3 g6 6. a3 Bg7 7. Bc4 O-O 8. O-O
a6 9. Ba2 b5 10. Nde2 Bb7 11. Ng3 Nc6 12. h3 Rc8 13. Be3 Na5 14. Qd2 Nc4 15.
Bxc4 Rxc4 16. f3 Qc7 17. Nge2 Rc8 18. Rac1 Nd7 19. Rf2 Nb6 20. Bd4 Rxd4 21.
Nxd4 Nc4 22. Ndxb5 axb5 23. Nxb5 Nxd2 24. Nxc7 Rxc7 25. Rxd2 Bh6 26. Rcd1 Bxd2
27. Rxd2 Kf8 28. Kf2 Ke8 29. c3 Kd7 30. Rd4 Bc6 31. Ke3 Rb7 32. Rd2 Ba4 33. Kd3
Kc6 34. b4 Ra7 35. c4 Bb3 36. Kc3 Rxa3 37. b5+ Kb6 38. Kb4 Ra2 39. Rd4 Bc2 40.
e5 Ra4+ 41. Kc3 dxe5 42. Rd7 Bf5 43. Rxe7 Be6 44. Kb3 Ra7 45. Re8 Kc5 46. b6
Kxb6 47. Kb4 Rb7 48. Ra8 Kc7+ 49. Kc5 Kd7 0-1

[Event "DEM U14 2017"]
[Site "Willingen GER"]
[Date "2017.06.04"]
[Round "2"]
[White "Popist, Florian"]
[Black "Sulayev, Daniel"]
[Result "0-1"]
[Termination "normal"]
[Board "19"]
[WhiteElo "1820"]
[BlackElo "1961"]
[PlyCount "92"]
[WhiteFideId "16203518"]
[BlackFideId "12977675"]
[EventCountry "GER"]
[EventRounds "9"]
[EventType "swiss"]
[EventDate "2017.06.03"]

1. e4 d6 2. d4 Nf6 3. Nc3 g6 4. Be3 c6 5. Qd2 b5 6. f3 Bg7 7. h4 Nbd7 8. Nge2
Nb6 9. Ng3 h5 10. a4 b4 11. Na2 a5 12. Nc1 Be6 13. b3 Qc7 14. Kf2 O-O 15. Nd3
Bc8 16. Rc1 Nfd7 17. c4 c5 18. d5 e6 19. dxe6 fxe6 20. Nf4 Ne5 21. Rd1 Rd8 22.
Nge2 Kh7 23. g3 Nc6 24. Bh3 e5 25. Ne6 Bxe6 26. Bxe6 Qe7 27. Bh3 Nd4 28. Nxd4
cxd4 29. Bg5 Bf6 30. Bxf6 Qxf6 31. f4 Rf8 32. f5 Rg8 33. Kg2 g5 34. hxg5 Rxg5
35. Kf3 Rag8 36. g4 Nd7 37. Rdg1 Nc5 38. Qd1 Qh6 39. Rg2 R5g7 40. g5 Rxg5 41.
Kf2 Nxe4+ 42. Kf1 Ng3+ 43. Rxg3 Rxg3 44. Bg2 Qf4+ 45. Ke1 Re3+ 46. Kd2 Rxg2+
0-1

[Event "DEM U14 2017"]
[Site "Willingen GER"]
[Date "2017.06.04"]
[Round "2"]
[White "Liebold, Aaron"]
[Black "Wu, Luka"]
[Result "0-1"]
[Termination "normal"]
[Board "20"]
[WhiteElo "1746"]
[BlackElo "1874"]
[PlyCount "158"]
[WhiteFideId "12997846"]
[BlackFideId "12977420"]
[EventCountry "GER"]
[EventRounds "9"]
[EventType "swiss"]
[EventDate "2017.06.03"]

1. e4 c5 2. Nf3 d6 3. d4 cxd4 4. Nxd4 Nf6 5. Nc3 a6 6. a4 g6 7. Be2 Bg7 8. Be3
Nc6 9. f3 O-O 10. Qd2 Bd7 11. O-O Rc8 12. Nb3 Re8 13. a5 Be6 14. Bb6 Qd7 15.
Nd4 Nxd4 16. Bxd4 Bc4 17. Rfe1 Qc6 18. Na4 Nd7 19. c3 Bb3 20. Bd1 Bxd1 21.
Rexd1 Rcd8 22. Bxg7 Kxg7 23. Qd4+ Kg8 24. Ra3 Qc7 25. b4 Rc8 26. Raa1 Qc6 27.
f4 Rc7 28. Rd3 Nf6 29. e5 dxe5 30. fxe5 Rd7 31. Qe3 Ng4 32. Qd2 Rxd3 33. Qxd3
Nxe5 34. Qd4 f6 35. Nc5 Nf7 36. Qd7 Qxd7 37. Nxd7 Nd6 38. Nc5 Kf7 39. Rd1 Rc8
40. Kf2 Rc7 41. Ke3 Rc6 42. Rd5 f5 43. Kd3 Kf6 44. c4 Kf7 45. b5 axb5 46. cxb5
Nxb5 47. Nxb7 Rc3+ 48. Kd2 Rb3 49. a6 Nc7 50. Ra5 Nxa6 51. Nd8+ Ke8 52. Nc6 Rb6
53. Ne5 e6 54. Nc4 Rc6 55. Ne5 Rd6+ 56. Kc3 Ke7 57. Nc4 Rc6 58. Rb5 Kf6 59. Rb7
Rc7 60. Rb6 Nc5 61. Kd4 Nd7 62. Ra6 Nb8 63. Rb6 Nc6+ 64. Kd3 Ne5+ 65. Nxe5 Kxe5
66. Rb5+ Kf6 67. Rb8 g5 68. g3 f4 69. Ke4 Rc4+ 70. Kf3 Rc3+ 71. Kg4 h5+ 72.
Kxh5 fxg3 73. hxg3 Rxg3 74. Rg8 Kf5 75. Rf8+ Ke4 76. Rg8 e5 77. Ra8 Kf4 78.
Rf8+ Ke3 79. Ra8 e4 0-1

[Event "DEM U14 2017"]
[Site "Willingen GER"]
[Date "2017.06.04"]
[Round "2"]
[White "Meric, Geoffrey"]
[Black "Lohr, Maximilian"]
[Result "1-0"]
[Termination "normal"]
[Board "21"]
[WhiteElo "1879"]
[BlackElo "1767"]
[PlyCount "51"]
[WhiteFideId "26092891"]
[BlackFideId "12999717"]
[EventCountry "GER"]
[EventRounds "9"]
[EventType "swiss"]
[EventDate "2017.06.03"]

1. e4 d5 2. exd5 Qxd5 3. Nf3 Bf5 4. d4 Nf6 5. c4 Qe4+ 6. Be2 Nc6 7. Nc3 Qg4 8.
O-O O-O-O 9. h3 Qh5 10. Be3 Bg6 11. Ng5 Rxd4 12. Bxh5 Rxd1 13. Bxd1 e5 14. Bf3
h6 15. Nge4 Nd4 16. Bxd4 exd4 17. Nxf6 gxf6 18. Nd5 c6 19. Nxf6 Bg7 20. Ne4 Be5
21. Rfe1 Rg8 22. Rad1 Kc7 23. c5 f6 24. Nd6 b6 25. Nc4 bxc5 26. Nxe5 1-0

[Event "DEM U14 2017"]
[Site "Willingen GER"]
[Date "2017.06.04"]
[Round "2"]
[White "Henning, Marvin"]
[Black "Buller, Ian Joshua"]
[Result "1/2-1/2"]
[Termination "normal"]
[Board "22"]
[WhiteElo "1946"]
[BlackElo "1646"]
[PlyCount "66"]
[WhiteFideId "12957399"]
[BlackFideId "12990655"]
[EventCountry "GER"]
[EventRounds "9"]
[EventType "swiss"]
[EventDate "2017.06.03"]

1. e4 c5 2. c4 Nc6 3. Nc3 g6 4. g3 Bg7 5. Nge2 e6 6. Bg2 Nge7 7. O-O O-O 8. d3
a6 9. a4 d6 10. f4 Nd4 11. h3 Nec6 12. Kh2 e5 13. Nd5 Nxe2 14. Qxe2 Nd4 15. Qd1
Be6 16. Ne3 exf4 17. gxf4 Qd7 18. Ra2 f5 19. b3 fxe4 20. dxe4 Rxf4 21. Rxf4 Be5
22. Kh1 Bxf4 23. Nd5 Bxd5 24. Bxf4 Be6 25. Kh2 Rf8 26. Be3 Qg7 27. Rd2 Qe5+ 28.
Kh1 Qg3 29. Bxd4 cxd4 30. Rd3 Qg5 31. Qd2 Qh4 32. Kg1 Rf4 33. Qe2 Qg5 1/2-1/2

[Event "DEM U14 2017"]
[Site "Willingen GER"]
[Date "2017.06.04"]
[Round "2"]
[White "Jeschke, Jan"]
[Black "Fidlin, Simon"]
[Result "0-1"]
[Termination "normal"]
[Board "23"]
[WhiteElo "1284"]
[BlackElo "1841"]
[PlyCount "62"]
[WhiteFideId "16225430"]
[BlackFideId "16217535"]
[EventCountry "GER"]
[EventRounds "9"]
[EventType "swiss"]
[EventDate "2017.06.03"]

1. e4 c5 2. Nc3 Nc6 3. f4 g6 4. Nf3 Bg7 5. Bb5 Nd4 6. O-O e6 7. e5 Ne7 8. Nxd4
cxd4 9. Ne4 O-O 10. c3 dxc3 11. d4 cxb2 12. Bxb2 Qb6 13. Ba3 Nf5 14. Bxf8 Kxf8
15. Qd3 Nxd4 16. Kh1 Nxb5 17. Rab1 Qd4 18. Qxd4 Nxd4 19. Rfd1 Nf5 20. Nc5 b6
21. Nxd7+ Ke7 22. Nf6 Bxf6 23. exf6+ Kxf6 24. Rbc1 Ne3 25. Rd8 Bb7 26. Rd7
Bxg2+ 27. Kg1 Bd5 28. Rcc7 e5 29. fxe5+ Kxe5 30. Re7+ Be6 31. Rc3 Nd5 0-1

[Event "DEM U14 2017"]
[Site "Willingen GER"]
[Date "2017.06.04"]
[Round "2"]
[White "Merk, Daniel"]
[Black "Jungandreas, Tillmann"]
[Result "1/2-1/2"]
[Termination "normal"]
[Board "24"]
[WhiteElo "1900"]
[BlackElo "1414"]
[PlyCount "56"]
[WhiteFideId "12938386"]
[BlackFideId "16244664"]
[EventCountry "GER"]
[EventRounds "9"]
[EventType "swiss"]
[EventDate "2017.06.03"]

1. d4 Nf6 2. c4 e6 3. Nc3 Bb4 4. Qc2 d5 5. Nf3 b6 6. Bg5 Bb7 7. a3 Bxc3+ 8.
Qxc3 Nbd7 9. e3 c5 10. cxd5 Bxd5 11. Bd3 O-O 12. O-O Qc7 13. Rac1 Qb7 14. dxc5
Rac8 15. Bxf6 Nxf6 16. Ne1 Rxc5 17. Qd2 Rxc1 18. Qxc1 Rc8 19. Qd2 Ne4 20. Bxe4
Bxe4 21. f3 Bg6 22. e4 Qc7 23. Nd3 Qd6 24. Rd1 Rd8 25. Qe3 h6 26. Nf2 Qe7 27.
Rxd8+ Qxd8 28. Qd3 Qc7 1/2-1/2